Más allá de la vigilia para llegar al sueño /
Guardado en:
| Hovedforfatter: | |
|---|---|
| Format: | Texto |
| Fag: | |
| Tags: |
Tilføj Tag
Ingen Tags, Vær først til at tagge denne postø!
|
MARC
| LEADER | 00000 a a2200000 04500 | ||
|---|---|---|---|
| 001 | 2621 | ||
| 003 | |||
| 040 | |||
| 100 | |a Araújo, Nara | ||
| 245 | |a Más allá de la vigilia para llegar al sueño / |c Nara Araújo | ||
| 650 | |a MIGRACION | ||
| 650 | |a LITERATURA | ||
| 650 | |a MEXICO | ||
| 773 | |g número 247; páginas 38-48 | ||
| 999 | |c 26472 |d 26472 | ||
